000
00300nam a2200133Ia 4500
008
221030s9999 xx 000 0 und d
041
_a
English
082
_a
105.23
100
_a
S. P. Robbins
245
0
_a
Organisational Behaviour
_c
by S. P. Robbins
260
_c
0
650
_a
Mb
942
_c
BK
999
_c
11215
_d
11215